000 00422nam a2200157Ia 4500
008 240729s9999 xx 000 0 und d
022 _a2720-7277
245 0 _aSocial Entrepreneurship Review
260 _aPoland
260 _bCracow University of Economics
650 _a Commerce
650 _aSocial Sciences
856 _uhttps://doaj.org/toc/c7fafe05c6d04166bbfb2f8c70b30c4b
942 _2ddc
942 _cDOAJEJ
999 _c69254
_d69254
945 _a1
_bMadushi Gamage
_c1
_dMadushi Gamage